New Testament in Hadiyya / (Record no. 18070)
[ view plain ]
| 000 -LEADER | |
|---|---|
| fixed length control field | 00491nam a22001691a 4500 |
| 003 - CONTROL NUMBER IDENTIFIER | |
| control field | NEGST |
| 005 - DATE AND TIME OF LATEST TRANSACTION | |
| control field | 20110718123805.0 |
| 008 - FIXED-LENGTH DATA ELEMENTS--GENERAL INFORMATION | |
| fixed length control field | 030714s1992 001 0 eng d |
| 020 ## - INTERNATIONAL STANDARD BOOK NUMBER | |
| International Standard Book Number | 9966402403 |
| 245 00 - TITLE STATEMENT | |
| Title | New Testament in Hadiyya / |
| Statement of responsibility, etc | Bible Society of Ethiopia. |
| 260 ## - PUBLICATION, DISTRIBUTION, ETC. (IMPRINT) | |
| Place of publication, distribution, etc | Addis Ababa : |
| Name of publisher, distributor, etc | Bible Society of Ethiopia, |
| Date of publication, distribution, etc | 1992. |
| 300 ## - PHYSICAL DESCRIPTION | |
| Extent | 612 p. : maps. |
| 590 ## - LOCAL NOTE (RLIN) | |
| Local note | Accession number: 25825 |
| 600 10 - SUBJECT ADDED ENTRY--PERSONAL NAME | |
| Personal name | Hadiyya language - Texts. |
| 630 00 - SUBJECT ADDED ENTRY--UNIFORM TITLE | |
| Uniform title | Bible. N.T. |
| General subdivision | Hadiyya. |
| Withdrawn status | Lost status | Source of classification or shelving scheme | Damaged status | Not for loan | Collection code | Home library | Current library | Shelving location | Date acquired | Cost, normal purchase price | Total Checkouts | Full call number | Barcode | Date last seen | Price effective from | Koha item type |
|---|---|---|---|---|---|---|---|---|---|---|---|---|---|---|---|---|
| Library of Congress Classification | General Circulation | AIU/NEGST - Tony Wilmot Memorial Library | AIU/NEGST - Tony Wilmot Memorial Library | General Stacks | 07/31/2009 | 4.00 | BS 325.H33 1992 | R36585P3232 | 09/26/2019 | 07/31/2009 | Books |
